La lámpara mágica : (Registro nro. 9087)

Detalles MARC
000 -CABECERA
campo de control de longitud fija 01859nam a22003497a 4500
003 - IDENTIFICADOR DEL NÚMERO DE CONTROL
campo de control DO-SdBPM
005 - FECHA Y HORA DE LA ÚLTIMA TRANSACCIÓN
campo de control 20250707134754.0
007 - CAMPO FIJO DE DESCRIPCIÓN FÍSICA--INFORMACIÓN GENERAL
campo de control de longitud fija ta
008 - DATOS DE LONGITUD FIJA--INFORMACIÓN GENERAL
campo de control de longitud fija 151210b2001 sp 00| 0 spa d
020 ## - NÚMERO INTERNACIONAL ESTÁNDAR DEL LIBRO
Número Internacional Estándar del Libro 8495787008
040 ## - FUENTE DE LA CATALOGACIÓN
Centro catalogador/agencia de origen DO-SdBPM
Lengua de catalogación spa
Centro/agencia transcriptor BPMSU
Normas de descripción rda
082 #4 - NÚMERO DE LA CLASIFICACIÓN DECIMAL DEWEY
Número de clasificación 158.1
Número de documento/Ítem E47L 2001
Número de edición 22
092 ## - ASIGNACIÓN LOCAL DE SIGNATURA TOPOGRÁFICA DEWEY (OCLC)
Número de clasificación xxxxx
Número de documento/Ítem xxxxx
100 1# - ENTRADA PRINCIPAL--NOMBRE DE PERSONA
Nombre de persona Ellis, Keith
Fechas asociadas al nombre 1953-
Término indicativo de función/relación autor
240 10 - TÍTULO UNIFORME
Título uniforme The magic lamp.
Lenguaje de la obra Español.
245 10 - MENCIÓN DE TÍTULO
Título La lámpara mágica :
Resto del título cómo definir objetivos: para las personas que detestan definir objetivos /
Mención de responsabilidad, etc. Keith Ellis ; traductor Alberto Magnet.
246 10 - FORMA VARIANTE DE TÍTULO
Título propio/Titulo breve La lámpara mágica :
Resto del título una estratégia para alcanzar tus objetivos.
264 ## - PRODUCCIÓN, PUBLICACIÓN, DISTRIBUCIÓN, FABRICACIÓN Y COPYRIGHT
Producción, publicación, distribución, fabricación y copyright Barcelona :
Nombre del de productor, editor, distribuidor, fabricante Ediciones Urano,
Fecha de producción, publicación, distribución, fabricación o copyright 2001
300 ## - DESCRIPCIÓN FÍSICA
Extensión 244 páginas ;
Dimensiones 21 cm
336 ## - TIPO DE CONTENIDO
Término de tipo de contenido texto
Código de tipo de contenido txt
Fuente rdacontent
337 ## - TIPO DE MEDIO
Nombre/término del tipo de medio sin mediación
Código del tipo de medio n
Fuente rdamedia
338 ## - TIPO DE SOPORTE
Nombre/término del tipo de soporte volumen
Código del tipo de soporte nc
Fuente rdacarrier
490 0# - MENCIÓN DE SERIE
Mención de serie Gestión del conocimiento.
505 0# - NOTA DE CONTENIDO CON FORMATO
Nota de contenido con formato PROCESO L.A.M.P. PASO 1: MANTEN EL RUMBO FIJO 25|¿Qué deseas? 27|La finalidad 37|¿Estás dispuesto a pagar el precio? 43|Formula un deseo presentable 47|El plan 57|PROCESO L.A.M.P. PASO 2: ACTUA|La inercia 71|Los hábitos 77|La zona confortable 91|El tiempo 97|La gestión del tiempo 113|Los problemas 121|La ayuda 133|PROCESO L.A.M.P. PASO 3: LA GESTIÓN DE TU PROGRESO|La concentración 141|La conexión 149|La flexibilidad 153|El mapa correcto 257|Fluir con la corriente 161|La lucha 163|Las actitudes 167|PROCESO L.A.M.P. PASO 4: PERSISTIR|La persistencia 173|Los asesinos del deseo 177|El mito de la autodisciplina 181|Respetar las pausas 185|El seguimiento 187|La paciencia 193|El despertar 197
590 ## - NOTA LOCAL (RLIN)
Nota local Inventariado, 2025/VM
650 #7 - PUNTO DE ACCESO ADICIONAL DE MATERIA--TÉRMINO DE MATERIA
Término de materia o nombre geográfico como elemento de entrada Aptitudes
650 #7 - PUNTO DE ACCESO ADICIONAL DE MATERIA--TÉRMINO DE MATERIA
Término de materia o nombre geográfico como elemento de entrada Exito
650 #7 - PUNTO DE ACCESO ADICIONAL DE MATERIA--TÉRMINO DE MATERIA
Término de materia o nombre geográfico como elemento de entrada Motivación (Psicología)
700 1# - PUNTO DE ACCESO ADICIONAL--NOMBRE DE PERSONA
Nombre de persona Magnet, Alberto
Término indicativo de función/relación traductor
910 ## - DATOS DE OPCIÓN DEL USUARIO (OCLC)
Datos de opción del usuario VMateo V. Control de calidad. BPMSU
942 ## - ELEMENTOS DE PUNTO DE ACCESO ADICIONAL (KOHA)
Fuente del sistema de clasificación o colocación Dewey Decimal Classification
Tipo de ítem Koha Libros
Existencias
Estado de retiro Estado de pérdida Fuente del sistema de clasificación o colocación No para préstamo Código de colección Localización permanente Ubicación/localización actual Fecha de adquisición Fuente de adquisición Total de préstamos Signatura topográfica completa Código de barras Fecha visto por última vez Precio válido a partir de Tipo de ítem Koha
    Dewey Decimal Classification   Colección General Biblioteca Pública Metropolitana Salomé Ureña Biblioteca Pública Metropolitana Salomé Ureña 12/10/2015 Donación   BPMSU CG 158.1 E47L 2001 BPMSU15120124 12/10/2015 12/10/2015 Libros